000 00241nam a2200097Ia 4500
008 240331s9999 xx 000 0 und d
082 _bROB
100 _aRoberts, M
245 0 _aNarrating Tamil nationalism subjectivities and issues
942 _cL
999 _c2035
_d2035